000 00618nam a2200217Ia 4500
003 OSt
005 20250822110229.0
008 221004b |||||||| |||| 00| 0 eng d
037 _cTB
040 _aCRL
_cCRL
_beng
041 _2eng
_aeng
084 _aU21 L3
_qCL
100 _aGregory K.J
_9255973
245 0 _aDrainge basin form and process
_b a geomorphological approach
260 _aLondon
_bEdward Arnold
_c1973
300 _aix;449p
_ccm.
650 _aGEOGRAPHY
700 _a Walling D.E.
_9596937
942 _hU21 L3
_cTB
_2cc
_n0
999 _c960750
_d960750